00353nam a2200097 4500245011900000710002700119710002600146260004800172300002200220082001300242 aEnglish in practice : secondary English Department at workcedited by Geoffrey Summerfield and Stephen Tunnicliffe aSummerfield, Geoffrey  aTunnicliffe, Stephen  aCambridgebCambridge University Pressc1971 avii,222p.; 21cm. a428bSUM